Governmental instability in Indian states: West Bengal, Bihar, Uttar Pradesh and Punjab (Record no. 14555)

MARC details
000 -LEADER
fixed length control field 00573nam a2200181Ia 4500
082 ## - DEWEY DECIMAL CLASSIFICATION NUMBER
Classification number 320.954 MIT-;
100 ## - MAIN ENTRY--AUTHOR NAME
Personal name Mitra, Subrata Kumar
245 #0 - TITLE STATEMENT
Title Governmental instability in Indian states: West Bengal, Bihar, Uttar Pradesh and Punjab
260 ## - PUBLICATION, DISTRIBUTION, ETC. (IMPRINT)
Place of publication Delhi
Name of publisher Ajanta Publications
Year of publication 1978
300 ## - PHYSICAL DESCRIPTION
Number of Pages 150p.
504 ## - BIBLIOGRAPHY, ETC. NOTE
Bibliography, etc Includes index, bibliography
650 ## - SUBJECT ADDED ENTRY--TOPICAL TERM
Topical Term Political stability - India
650 ## - SUBJECT ADDED ENTRY--TOPICAL TERM
Topical Term State governments - India
650 ## - SUBJECT ADDED ENTRY--TOPICAL TERM
Topical Term Political instability
650 ## - SUBJECT ADDED ENTRY--TOPICAL TERM
Topical Term Cabinet system - India
650 ## - SUBJECT ADDED ENTRY--TOPICAL TERM
Topical Term India - Politics and government
942 ## - ADDED ENTRY ELEMENTS (KOHA)
Koha item type Books
Holdings
Withdrawn status Lost status Damaged status Not for loan Home library Current library Date acquired Bill Date Full call number Accession Number Price effective from Koha item type
        NASSDOC Library NASSDOC Library 08/06/2004 2004-10-22 320.954 MIT-; 15390 18/04/2019 Books